Primer Foro del Agua Santo Domingo (Record no. 9680)

MARC details
000 -LEADER
campo de control de longitud fija 00358nam a2200145Ia 4500
001 - NÚMERO DE CONTROL
campo de control 460
008 - DATOS DE LONGITUD FIJA--INFORMACIÓN GENERAL
campo de control de longitud fija 241024s9999 xx 000 0 und d
020 ## - NÚMERO INTERNACIONAL ESTÁNDAR DEL LIBRO
Número Internacional Estándar del Libro 978-9945-406-80-1
082 ## - NÚMERO DE LA CLASIFICACIÓN DECIMAL DEWEY
Número de clasificación RD/333.91/F727p
100 ## - ENTRADA PRINCIPAL--NOMBRE DE PERSONA
Nombre de persona [*SIN AUTOR*]
245 #0 - MENCIÓN DEL TÍTULO
Título Primer Foro del Agua Santo Domingo
260 ## - PUBLICACIÓN, DISTRIBUCIÓN, ETC.
Nombre del editor, distribuidor, etc. INAPA
Fecha de publicación, distribución, etc. 2007
901 ## - ELEMENTOS DE DATOS A LOCAL LDA (RLIN)
a 10/11/2010 1:30:16 p.m.

No items available.

© 2024. Todos los Derechos Reservados. Desarrollado por IDEICE